1942 1390 1660 1763 1879 1077 1580 1265 1783 1795 1160 1668 1414 1643 1270 1693 1158 1458 1572 1901 1572 1528 1197 1445 1842 1781 1910 1856 1440 1739 1241 1922 1514 1217 1601 1536 1095 1324 1858 1272 1008 1701 1502 1241 1055 1652 1411 1697 1953 1010 1030 1727 1611 1418 1820 1167 1744 1747 1425 1187 1968 1777 1412 1304 1386 1919 1861 1543 1696 1939 1652 1344 1974 1641 1078 1878 1668 1426 1127 1445 1043 1931 1007 1374 1435 1219 1419 1483 1654 1791 1953 1780 1323 1700 1935 1964 1508 1882 1368 BCNSPRNW ULIB Ver.6.0+V

เปลี่ยนเป็นภาษาไทย

Change to English
 แสดงรายละเอียดบรรณานุกรม
  กลับหน้าหลัก

Brief Record : Get Marc (ISO 2709) : E-mail record : QR code < ปิดหน้าต่าง
LEADER : 00000nam 2200000uu 4500
001    13399125876
003     ULIB
008    170921s2560||||th 000 0 tha d
020    ^a9789740336129
060    ^aQV766^bศ713ส
100    ^aศุภยางค์ วรวุฒิคุณชัย
245    ^aสมุนไพรไทยต้านจุลินทรีย์/^cศุภยางค์ วรวุฒิคุณชัย และคณะ
250    ^aพิมพ์ครั้งที่ 1
260    ^aกรุงเทพฯ :^bสำนักพิมพ์แห่งจุฬาลงกรณ์มหาวิทยาลัย,^c2560
300    ^a562 หน้า;^b26 ซม.
650    ^aสมุนไพรไทย
700    ^aสุกัลญา หลีแจ้
945    ^p0^l0^i003304
945    ^p0^l0^i003305
945    ^p0^l0^i003306
999    ^aประนอม เกษจรัล
รายการนี้ยังไม่มีแท็ก
คุณยังไม่ได้ล็อกอิน คุณสามารถมีกิจกรรมร่วมกับเว็บไซต์ได้ แต่ต้องล็อกอินก่อน ::
  ล็อกอิน

รายการสื่อสารสนเทศ

ลำดับที่ ประเภท เลขเรียก/บาร์โค้ด สถานที่ สถานะ
1. วิทยาศาสตร์การแพทย์ และสุขภาพ
วิทยาศาสตร์การแพทย์ และสุขภาพ
QV766 ศ713ส ฉ.1 
  Barcode: 003304
ห้องสมุดวิทยาเขตสวรรค์ประชารักษ์
►หนังสือทั่วไป
บนชั้น
2. วิทยาศาสตร์การแพทย์ และสุขภาพ
วิทยาศาสตร์การแพทย์ และสุขภาพ
QV766 ศ713ส ฉ.2 
  Barcode: 003305
ห้องสมุดวิทยาเขตสวรรค์ประชารักษ์
►หนังสือทั่วไป
บนชั้น
3. วิทยาศาสตร์การแพทย์ และสุขภาพ
วิทยาศาสตร์การแพทย์ และสุขภาพ
QV766 ศ713ส ฉ.3 
  Barcode: 003306
ห้องสมุดวิทยาเขตสวรรค์ประชารักษ์
►หนังสือทั่วไป
บนชั้น

รายการใกล้เคียง
    ผู้แต่ง [ศุภยางค์ วรวุฒิคุณชัย]

    หัวเรื่อง [สมุนไพรไทย]

BibComment


ยังไม่เคยถูกคอมเมนท์

คอมเมนท์ทรัพยากรรายการนี้
  คอมเมนท์: สมุนไพรไทยต้านจุ..


 Copyright 2026. Bcnsprnw @Library